| 000 | 00761nam a2200253 a 4500 | ||
|---|---|---|---|
| 001 | 64044 | ||
| 003 | BD-RjUL | ||
| 005 | 20211209081250.0 | ||
| 008 | 170208r19941986enkb g b 000 0 eng d | ||
| 020 | _a0415045959 (pbk) | ||
| 035 | _a(BD-RjUL)64174 | ||
| 040 |
_aBD-RjUL _beng _cBD-RjUL _dBD-RjUL |
||
| 041 | _aeng | ||
| 082 |
_a945.08 _bGOU 1994 |
||
| 100 | 1 |
_aGooch, John, _d1945- _9190226 |
|
| 245 | 1 | 4 |
_aThe unification of Italy / _cJohn Gooch. |
| 260 |
_aLondon : _bRoutledge, _c1986 [Reprinted 1994] |
||
| 300 |
_axvi, 42 p. ; _c22 cm. |
||
| 500 | _aFirst published by Methuen in 1986. | ||
| 504 | _aIncludes bibliographical references. | ||
| 651 | 0 |
_aItaly _xHistory _y1849-1870. _9190227 |
|
| 830 | 0 |
_aLancaster pamphlets. _9190229 |
|
| 942 |
_2ddc _cBK |
||
| 999 |
_c64044 _d64044 |
||